00804nam a22002057a 450000500170000001000150001702000260003203500140005803700090007208200080008110000260008924500720011525000060018726000420019327001490023530000210038494200220040599900190042795201520044620240917103728.0 aENG-140980 c165.00a9789354092589 aEN-124512 bDBAD a485 aVerma, Brajlal971712 aBuilders of Modern India:bHanuman Prasad Poddar/cBy Brajlal Verma a1 aNew Delhic2022bPublication Division bNew DelhiaPublication Division, Ministry of Information and Broadcasting, Government of India, Soochna Bhawan, CGO Complex, Lodhi Road e110003 a146p.c21cm(pbk) 2ddccENh921mVER c204458d204458 001040708NFICaBL4bBL4d2024-07-25eDBADg165.00l2o921 VERpEN-124512q2026-06-20r2026-06-06 12:30:40s2026-06-06t1v165.00w2024-07-25yEN